=LDR 00000nam 2200000 4500 =001 INLIS000000000048004 =005 20200303084341 =035 ##$$a 0010-031600000000117 =008 200303################g##########0#ind## =020 ##$$a 978-1-84-604286-7 =082 ##$$a 155.2 =090 ##$$a 155.2 $b Cho s =100 ##$$a Chopra, Deepak =245 1#$$a Self power : $b spiritual solutions to lifes greates challenges /$c Deepak Chopra =260 ##$$a London :$b Rider Books,$c 2012. =300 ##$$a xii, 204 hlm. ; $c 13,5x21,5 cm. =650 #4$$a Psikologi Individu =084 ##$$a 155.2 CHO s =990 ##$$a 31500772